Árboles mágicos de Costa Rica: magical trees Costa Rica (Registro nro. 3933)
[ vista simple ]
| 000 -Cabecera | |
|---|---|
| Campo de control de longitud fija | 00685aam a2200265 4500 |
| 005 - Fecha y hora de la última transacción | |
| Campo de control | 20240716092448.0 |
| 008 - Elementos de longitud fija--Información general | |
| Campo de control de longitud fija | 150313b2011 cr ||||| |||| 00| 0 spa d |
| 020 ## - International Standard Book Number | |
| Número Internacional Estándar del Libro (ISBN) | 9789968670012 |
| 041 ## - Idioma | |
| Código de idioma | Español |
| 041 ## - Idioma | |
| Código de idioma | Inglés |
| 082 ## - Clasificación Decimal Dewey | |
| Número de clasificación | 582.16 P977a2 |
| 100 ## - Entrada principal--Autor personal | |
| Nombre personal | Pucci, Juan Jose |
| 9 (RLIN) | 25843 |
| 245 ## - Título propiamente dicho | |
| Título | Árboles mágicos de Costa Rica: magical trees Costa Rica |
| 250 ## - Edición | |
| Mención de edición | 2 edición |
| 260 ## - Pie de imprenta | |
| Lugar de publicación, distribución, etc. | Costa Rica |
| 260 ## - Pie de imprenta | |
| Nombre del editor, distribuidor, etc. | Fundación Árboles Mágicos |
| 260 ## - Pie de imprenta | |
| Fecha de publicación, distribución, etc. | 2011 |
| 300 ## - Descripción física | |
| Extensión | 232 páginas |
| 440 ## - Declaración de serie/asiento adicional--título | |
| Título de la serie | Árboles mágicos |
| 505 ## - Nota de contenido | |
| Nota de contenido | Incluye fotografías |
| 650 ## - Materia general | |
| Temática (materia general) | ÁRBOLES |
| 650 ## - Materia general | |
| Temática (materia general) | CONSERVACIÓN DE LOS RECURSOS |
| 942 ## - Punto de acceso adicional KOHA | |
| Tipo de ítem KOHA | Libro |
| Fuente del sistema de clasificación o colocación | Dewey Decimal Classification |
| Signatura completa | Código de barras | Programa Académico | Tipo de ítem |
|---|---|---|---|
| 582.16 P977a2 | 19174 | Turismo | Libro |
| 582.16 P977a2 | 16484 | Turismo | Libro |